Introduction to High Performance Network (Record no. 6184)
[ view plain ]
| 000 -LEADER | |
|---|---|
| fixed length control field | 00321nam a2200133Ia 4500 |
| 003 - CONTROL NUMBER IDENTIFIER | |
| control field | OSt |
| 008 - FIXED-LENGTH DATA ELEMENTS--GENERAL INFORMATION | |
| fixed length control field | 191201s2011 xx 000 0 und d |
| 100 ## - MAIN ENTRY--PERSONAL NAME | |
| Personal name | MUTHUKUMARAN, B |
| 245 #0 - TITLE STATEMENT | |
| Title | Introduction to High Performance Network |
| 260 ## - PUBLICATION, DISTRIBUTION, ETC. (IMPRINT) | |
| Place of publication, distribution, etc | N. Delhi |
| Name of publisher, distributor, etc | Vijay |
| Date of publication, distribution, etc | 2011 |
| 300 ## - PHYSICAL DESCRIPTION | |
| Extent | 426 |
| 650 ## - SUBJECT ADDED ENTRY--TOPICAL TERM | |
| Topical term or geographic name as entry element | B.Tech(CSE) |
| 942 ## - ADDED ENTRY ELEMENTS (KOHA) | |
| Source of classification or shelving scheme | Dewey Decimal Classification |
| Koha item type | Text Books |
| Withdrawn status | Lost status | Source of classification or shelving scheme | Damaged status | Not for loan | Collection code | Home library | Current library | Date acquired | Source of acquisition | Cost, normal purchase price | Bill Number | Total Checkouts | Full call number | Acc. no. / Barcode | Date last seen | Actual Cost, discounted price | Bill Date | Koha item type | Date last borrowed |
|---|---|---|---|---|---|---|---|---|---|---|---|---|---|---|---|---|---|---|---|
| Dewey Decimal Classification | B.Tech(CSE) | PIET C-LIBRARY | PIET C-LIBRARY | 31/01/2015 | KIRTI PRAKASHAN, NEW DELHI | 225.00 | IN2123 | 004.6 MU | 25186 | 04/12/2019 | 191.25 | 22/01/2015 | Text Books | ||||||
| Dewey Decimal Classification | B.Tech(CSE) | PIET C-LIBRARY | PIET C-LIBRARY | 19/02/2015 | KIRTI PRAKASHAN, NEW DELHI | 225.00 | IN2201 | 004.6 MUI | 25617 | 04/12/2019 | 191.25 | 14/02/2015 | Text Books | ||||||
| Dewey Decimal Classification | B.Tech(CSE) | PIET C-LIBRARY | PIET C-LIBRARY | 19/02/2015 | KIRTI PRAKASHAN, NEW DELHI | 225.00 | IN2201 | 004.6 MU | 25618 | 04/12/2019 | 191.25 | 14/02/2015 | Text Books | ||||||
| Dewey Decimal Classification | B.Tech(CSE) | PIET C-LIBRARY | PIET C-LIBRARY | 19/02/2015 | KIRTI PRAKASHAN, NEW DELHI | 225.00 | IN2201 | 1 | 004.6 MU | 25619 | 17/10/2023 | 191.25 | 14/02/2015 | Text Books | 04/10/2023 |